Movies Quiz

Random Movies or World Quiz

Movie Titles On A Map Quiz Stats

Quiz Updated Jul 27, 2014

Also try: Clikipedia: Movies
Challenge
Share
Tweet
Score 0/18 Timer 05:00
2 Plays Today
% Correct
From Russia With Love
98.3%
Good Morning, Vietnam
95%
Madagascar: Escape 2 Africa
94.9%
A Passage To India
94.1%
Once Upon A Time In Mexico
94%
The Boys From Brazil
93.4%
The Prince Of Egypt
90.5%
The Bad News Bears
Go To Japan
89.9%
The China Syndrome
89.4%
% Correct
Hotel Rwanda
87%
Journey To Italy
79%
Imagining Argentina
78.3%
The Tailor Of Panama
76.4%
Salmon Fishing In The Yemen
73.7%
Road To Morocco
71.3%
If It's Tuesday, This Must Be Belgium
67.5%
Borat: Cultural Learnings of America
for Make Benefit Glorious Nation of Kazakhstan
63.3%
Swimming To Cambodia
55.3%

You're not logged in!

Compare scores with friends on all Sporcle quizzes.
Join for Free
OR
Log In

You Might Also Like...

Show Comments

Extras

Top Quizzes Today


Score Distribution

Your Account Isn't Verified!

In order to create a playlist on Sporcle, you need to verify the email address you used during registration. Go to your Sporcle Settings to finish the process.

Report this User

Report this user for behavior that violates our Community Guidelines.

Details: